Paroles Générique de dessin animé Foot 2 Rue - Statistiques

Statistiques générales
  • Ce quiz a été pris 3 337 fois
  • Le résultat moyen est 55 sur 93
Statistiques - réponses
Paroles % Correct
Foot
96%
Foot
96%
Foot
96%
Foot
96%
Foot
96%
Rue
95%
Rue
95%
Rue
95%
Rue
95%
Rue
95%
de
90%
de
90%
de
90%
de
90%
de
90%
de
90%
2
89%
2
89%
2
89%
2
89%
2
89%
Entre
70%
Entre
70%
Partage,
66%
Partage,
66%
Partage,
66%
quatre
62%
quatre
62%
un
62%
un
62%
génération,
61%
génération
61%
la
60%
la
60%
buissons
59%
buissons
59%
chaque
59%
chaque
59%
partie
58%
partie
58%
pression
58%
pression
58%
son
58%
son
58%
Respect,
56%
Respect,
56%
et
55%
et
55%
frissons
55%
frissons
55%
Tous
54%
Tous
54%
lot
53%
lot
53%
Amitié,
52%
Amitié,
52%
deux
52%
deux
52%
pour
52%
pour
52%
vestes,
52%
vestes,
52%
Fairplay,
51%
Fairplay,
51%
Fairplay,
51%
d'une
49%
d'une
49%
symbole
48%
symbole
48%
compétition
47%
compétition
47%
déferle
45%
déferle
45%
porte
44%
porte
44%
flot
39%
flot
39%
haies
37%
haies
37%
passion
34%
passion
34%
ce
32%
ce
32%
parés
31%
parés
31%
nous
29%
nous
29%
qui
27%
qui
27%
lie
25%
lie
25%
plaisir
24%
plaisir
24%
Aucun quiz correspondant
Distribution des résultats
% des personnes avec chaque résultat
Percentile par nombre de réponses
Votre historique - résultats
Vous n’avez pas pris ce quiz